000 00272nam a2200097Ia 4500
001 1184627
005 20250827020918.0
008 250824s9999 xx 000 0 und d
245 0 _aKENDİ ŞİİRİNİ YAŞAYANLAR
_cHACİRE BÜKÜM YILMAZ
260 _bCEZVE KİTAP YAYINLARI
999 _c1184627
_d1184627